[Event "It B"]
[Site "Nancy FRA"]
[Date "2009.02.18"]
[Round "4"]
[White "Pucher,O"]
[Black "Gladyszev,O"]
[Result "0-1"]
[WhiteElo "2338"]
[BlackElo "2423"]

1.d4 Nf6 2.c4 g6 3.Nf3 Bg7 4.Nc3 d6 5.e4 O-O 6.Be2 e5 7.O-O Nc6 8.d5 Ne7
9.Ne1 Nd7 10.Be3 f5 11.f3 f4 12.Bf2 g5 13.Rc1 Rf6 14.c5 Nxc5 15.b4 Na6 16.Nd3 Rh6
17.a4 Qe8 18.Kh1 Kh8 19.Na2 c6 20.b5 Nb8 21.bxc6 bxc6 22.dxc6 Nbxc6 23.Nab4 Qh5
24.Bg1 Nd4 25.Rc7 Bf8 26.a5 Nef5 27.exf5 Nxf5 28.g4 fxg3 29.Rf2 gxf2 30.Nxf2 Ng3+
31.Kg2 Bh3+ 32.Nxh3 Qxh3+ 33.Kf2 Nxe2 34.Qxe2 Qh4+  0-1

[Event "ch-CZE Juniors"]
[Site "Decin CZE"]
[Date "2009.02.19"]
[Round "10"]
[White "Cuhra,M"]
[Black "Rojicek,V"]
[Result "1/2-1/2"]
[WhiteElo "2230"]
[BlackElo "2375"]

1.d4 Nf6 2.c4 g6 3.Nc3 Bg7 4.e4 d6 5.Nf3 O-O 6.Be2 e5 7.O-O Nc6 8.Be3 Ng4
9.Bg5 f6 10.Bh4 g5 11.Bg3 Nh6 12.dxe5 dxe5 13.Qxd8 Nxd8 14.c5 c6 15.Rfd1 Ne6
16.Bc4 Nf7 17.b4 Rd8 18.Ne1 Rxd1 19.Rxd1 Kf8 20.f3 Ke8 21.Nc2 Bf8 22.Bf2 Be7
23.Ne2 a5 24.a3 axb4 25.axb4 Nf4 26.Nxf4 gxf4 27.Ra1 Rxa1+ 28.Nxa1 Ng5 29.Nb3 Bd8  1/2-1/2

[Event "It B"]
[Site "Nancy FRA"]
[Date "2009.02.19"]
[Round "6"]
[White "Spielmann,Al"]
[Black "Gladyszev,O"]
[Result "0-1"]
[WhiteElo "2324"]
[BlackElo "2423"]

1.Nf3 Nf6 2.c4 g6 3.Nc3 Bg7 4.e4 d6 5.d4 O-O 6.Be2 e5 7.O-O Nc6 8.d5 Ne7
9.b4 Nh5 10.Re1 a5 11.bxa5 Rxa5 12.a4 c5 13.Ra3 Ra6 14.Nb5 Nf6 15.Bf1 Ne8
16.g3 h6 17.Nh4 g5 18.Ng2 f5 19.exf5 Nxf5 20.f4 Nd4 21.Be2 exf4 22.gxf4 Nxe2+
23.Qxe2 g4 24.Re3 Bd7 25.Bb2 Bxb2 26.Qxb2 Qf6 27.Qb3 Ng7 28.Re7 Rf7 29.R7e2 Nf5
30.Kh1 Ra8 31.Nc7 Nd4 32.Qxb7 Raf8 33.Ra2 Qd8 34.Qb6 Bf5 35.Na8 Qxa8 36.Qxd6 Nf3
37.Rf1 Qa7 38.Ne1 Rf6  0-1

[Event "2nd Pfalz Open"]
[Site "Neustadt an der Weinstrasse GER"]
[Date "2009.02.20"]
[Round "7"]
[White "Wirig,A"]
[Black "Mamedov,Nid"]
[Result "0-1"]
[WhiteElo "2464"]
[BlackElo "2607"]

1.d4 Nf6 2.Nf3 g6 3.c4 Bg7 4.Nc3 O-O 5.e4 d6 6.Be2 e5 7.O-O Nc6 8.d5 Ne7
9.b4 a5 10.Ba3 b6 11.bxa5 Nh5 12.Bb4 bxa5 13.Ba3 Nf4 14.c5 Nxe2+ 15.Nxe2 Ba6
16.Re1 h6 17.Rc1 f5 18.exf5 gxf5 19.Ng3 Rf7 20.Nd2 Ng6 21.cxd6 cxd6 22.Rc6 Bf8
23.Nc4 Bxc4 24.Rxc4 e4 25.Bb2 Bg7 26.Bxg7 Kxg7 27.Ne2 Kh7 28.Rc3 Qf6 29.Qd4 Ne5
30.Rec1 Raa7 31.h3 Rab7 32.a3 Rb2 33.R3c2 Rxc2 34.Rxc2 Rg7 35.Kf1 Qg5 36.g3 Qh5
37.Nf4 Qf3 38.Qe3  0-1

[Event "2nd Pfalz Open"]
[Site "Neustadt an der Weinstrasse GER"]
[Date "2009.02.21"]
[Round "8"]
[White "Buhmann,R"]
[Black "Klenburg,M"]
[Result "1-0"]
[WhiteElo "2565"]
[BlackElo "2426"]

1.Nf3 Nf6 2.c4 g6 3.Nc3 Bg7 4.e4 d6 5.d4 O-O 6.Be2 e5 7.O-O Nc6 8.d5 Ne7
9.b4 Nh5 10.Re1 f5 11.Ng5 Nf6 12.Bf3 c6 13.Bb2 h6 14.Ne6 Bxe6 15.dxe6 fxe4
16.Nxe4 Nxe4 17.Rxe4 Nf5 18.b5 Rc8 19.Re2 Re8 20.Qa4 Qb6 21.Rd1 Rxe6 22.Qb3 Qd8
23.c5 d5 24.Rxd5 cxd5 25.Bxd5 Rxc5 26.Bxe6+ Kh7 27.g3 Nd4 28.Bxd4 Qxd4 29.Kg2 Qd8
30.Re3 b6 31.Rd3 Qa8+ 32.Bd5 Qc8 33.Bc6 Qg8 34.Qxg8+ Kxg8 35.Rd7 e4 36.Rxa7 Bc3
37.Bxe4 Rxb5 38.Bxg6 Rb2 39.Bf5 Bd4 40.Be6+ Kh8 41.Rf7 Bc5 42.g4 Re2 43.Bb3 Rd2
44.h4 Rd4 45.f4  1-0

[Event "TCh-HUN 2008-9"]
[Site "Budapest HUN"]
[Date "2009.02.22"]
[Round "8"]
[White "Amstadt,A"]
[Black "Kiss,E"]
[Result "1/2-1/2"]
[WhiteElo "2196"]
[BlackElo "2139"]

1.d4 Nf6 2.c4 g6 3.Nc3 Bg7 4.e4 d6 5.Nf3 O-O 6.Be2 e5 7.O-O Nc6 8.d5 Ne7
9.Ne1 Ne8 10.f3 f5 11.g4 Nf6 12.Nd3 b6 13.exf5 gxf5 14.g5 Nd7 15.f4 Ng6 16.Rf2 Nc5
17.Nxc5 bxc5 18.Rg2 exf4 19.Kh1 Bd4 20.Bd3 f3 21.Qxf3 Nh4 22.Qg3 Nxg2 23.Kxg2 Kh8
24.Bf4 Qe7 25.Re1 Qg7 26.Nb5 Bxb2 27.Nxc7 Qxc7 28.Bxd6 Qg7 29.Re7 Qg6 30.h4 Rd8
31.Bc7 Bd7 32.Bxd8 Rxd8 33.Qc7 Rg8 34.Qxd7 Qh5 35.Bxf5 Bg7 36.Kg3 Qd1 37.Bh3 Qd3+
38.Kg2 Qd2+ 39.Kg3 Qd3+  1/2-1/2

[Event "25th Open"]
[Site "Cappelle la Grande FRA"]
[Date "2009.02.28"]
[Round "1"]
[White "Bitalzadeh,A"]
[Black "Timoshenko,G"]
[Result "0-1"]
[WhiteElo "2400"]
[BlackElo "2551"]

1.d4 Nf6 2.c4 g6 3.Nc3 Bg7 4.e4 d6 5.Nf3 O-O 6.Be2 e5 7.O-O Nc6 8.d5 Ne7
9.Ne1 Nd7 10.f3 f5 11.Be3 f4 12.Bf2 g5 13.Nd3 Ng6 14.c5 Nf6 15.Rc1 Rf7 16.cxd6 cxd6
17.Kh1 Bf8 18.Qb3 g4 19.Nb5 g3 20.Bxa7 Nh5 21.Rxc8 Rxc8 22.h3 Nh4 23.Nc3 Nf6
24.a4 h5 25.Bb6 Qe7 26.Qd1 Nh7 27.Re1 Ng5 28.Bf1 Rg7 29.Re2 Qd7 30.Ne1 Be7
31.Rc2 Bd8 32.Bxd8 Qxd8 33.Nb5 Rxc2 34.Qxc2 Kh7 35.Qe2 Qd7 36.Kg1 Rg8 37.b3 Rc8
38.Na3 Rc3  0-1

[Event "TCh-HUN 2008-9"]
[Site "Nagykanizsa HUN"]
[Date "2009.03.01"]
[Round "9"]
[White "Flumbort,A"]
[Black "Kiss,Laj"]
[Result "1-0"]
[WhiteElo "2489"]
[BlackElo "2261"]

1.d4 Nf6 2.c4 g6 3.Nc3 Bg7 4.e4 d6 5.Be2 O-O 6.Nf3 e5 7.O-O Nc6 8.d5 Ne7
9.b4 a5 10.bxa5 Rxa5 11.a4 Nd7 12.Ba3 f5 13.Nd2 b6 14.Bb4 Ra8 15.a5 bxa5
16.Bxa5 Nf6 17.c5 Ne8 18.Nb5 dxc5 19.d6 Nc6 20.Bxc7 Rxa1 21.Qb3+ Kh8 22.Bxd8 Rxf1+
23.Bxf1 Nxd8 24.Qd5 Bd7 25.Nc7 Nf6 26.Qxc5 fxe4 27.Bb5 Bxb5 28.Qxb5 Bh6 29.Qe2 Nf7
30.Nxe4 Nxe4 31.Qxe4 Rd8 32.f4 Rxd6 33.fxe5 Rd1+ 34.Kf2 Ng5 35.Qa8+ Kg7 36.e6 Kf6
37.Ke2 Rd4 38.Qa1  1-0

[Event "10th EICC w"]
[Site "St Petersburg RUS"]
[Date "2009.03.10"]
[Round "3"]
[White "Bogumil,T"]
[Black "Motoc,A"]
[Result "0-1"]
[WhiteElo "2218"]
[BlackElo "2358"]

1.Nf3 Nf6 2.c4 g6 3.Nc3 Bg7 4.e4 d6 5.d4 O-O 6.Be2 e5 7.O-O Nc6 8.d5 Ne7
9.Nd2 a5 10.Rb1 Bd7 11.b3 Ne8 12.Qc2 f5 13.f3 h5 14.Nd1 f4 15.c5 g5 16.Nf2 Rf6
17.a4 Rg6 18.Ba3 g4 19.Nd3 Kh8 20.Rfc1 Ng8 21.Qd1 Nh6 22.Nf1 h4 23.fxg4 Nxg4
24.Nf2 Nxf2 25.Kxf2 h3 26.g3 fxg3+ 27.Nxg3 Qf6+ 28.Kg1 Bh6 29.Rc3 Bf4 30.Qf1 Qg7
31.Kh1 Nf6 32.Nf5 Bxf5 33.exf5 Rh6 34.Rd1 Qg2+ 35.Qxg2 hxg2+ 36.Kxg2 Rxh2+
37.Kf1 Ne4 38.Rdd3 Nxc3 39.Rxc3 Rg8 40.cxd6 cxd6 41.Bxd6 Kg7 42.Be7 Rgh8
43.f6+ Kf7 44.Rc7 Rh1+ 45.Kf2 R8h2+ 46.Kf3 Rh3+ 47.Kg4 Rg3+  0-1

[Event "10th EICC"]
[Site "Budva MNE"]
[Date "2009.03.11"]
[Round "6"]
[White "Maksimovic,Br"]
[Black "Andrejic,V"]
[Result "1-0"]
[WhiteElo "2423"]
[BlackElo "2275"]

1.d4 Nf6 2.Nf3 g6 3.c4 Bg7 4.Nc3 O-O 5.e4 d6 6.Be2 e5 7.O-O Nc6 8.d5 Ne7
9.b4 Nh5 10.Re1 f5 11.Ng5 Nf6 12.Bf3 c6 13.Qb3 h6 14.Ne6 Bxe6 15.dxe6 fxe4
16.Nxe4 Nxe4 17.Bxe4 Rf6 18.b5 Kh8 19.Qh3 Kg8 20.bxc6 bxc6 21.Rb1 Qf8 22.Rb7 Rb8
23.Rxa7 Nc8 24.Rc7 Rxf2 25.Rxg7+ Qxg7 26.Kxf2 d5 27.cxd5 cxd5 28.Bxd5 Ne7
29.Be4 Nf5 30.Bxf5 Rf8 31.Kg1 Rxf5 32.Qxh6 Qf6 33.e7  1-0

[Event "10th EICC"]
[Site "Budva MNE"]
[Date "2009.03.12"]
[Round "7"]
[White "Lekic,D"]
[Black "Filipovic,Mi"]
[Result "1-0"]
[WhiteElo "2390"]
[BlackElo "2121"]

1.d4 Nf6 2.c4 g6 3.Nc3 Bg7 4.e4 d6 5.Nf3 O-O 6.Be2 e5 7.O-O Nc6 8.d5 Ne7
9.b4 Ne8 10.c5 f5 11.Nd2 Nf6 12.a4 f4 13.Nc4 Kh8 14.Ba3 Ne8 15.a5 Ng8 16.f3 Rf7
17.Qb3 Ngf6 18.b5 Nh5 19.Rfc1 dxc5 20.Bxc5 Nd6 21.b6 Nxc4 22.Bxc4 cxb6 23.axb6 a6
24.d6 Rf8 25.Nd5 Bd7 26.Nc7 Rb8 27.Ne6 Bxe6 28.Bxe6 Ng3 29.hxg3 fxg3 30.d7 Rf5
31.exf5 Qh4 32.Ra4 Qh2+ 33.Kf1 Bh6 34.Bg1  1-0

[Event "10th EICC"]
[Site "Budva MNE"]
[Date "2009.03.14"]
[Round "8"]
[White "Bykhovsky,An ISR"]
[Black "Djukic,Ni"]
[Result "0-1"]
[WhiteElo "2459"]
[BlackElo "2500"]

1.d4 Nf6 2.c4 g6 3.Nc3 Bg7 4.e4 d6 5.Nf3 O-O 6.Be2 e5 7.O-O Nc6 8.d5 Ne7
9.b4 a5 10.Ba3 b6 11.bxa5 Nh5 12.Re1 f5 13.Bb4 bxa5 14.Ba3 Nf4 15.Bf1 fxe4
16.Nd2 Nd3 17.Bxd3 exd3 18.Nde4 Nf5 19.Qxd3 Ba6 20.Rab1 Qd7 21.Rb2 h6 22.Nb5 g5
23.Kh1 Rf7 24.Reb1 Raf8 25.Qd2 Nh4 26.Qe2 Rf4 27.Re1 Bc8 28.Rb3 Qf7 29.Bc1 Bg4
30.f3 Nxf3 31.gxf3 Rxf3 32.Kg1 Qf5 33.Qg2 Rxb3 34.axb3 Bf3 35.Ng3 Qg4 36.h3 Qh4
37.Qh2 e4 38.Be3 Be5 39.Bf2 Rf7 40.Nd4 e3 41.Nxf3 exf2+ 42.Qxf2 Qxh3 43.Rxe5 dxe5
44.Qg2 Qg4 45.Nh2 Qd4+ 46.Kh1 Rf2 47.Qh3 Qd1+ 48.Ngf1 g4 49.Qxh6 Rxf1+ 50.Nxf1 Qxf1+
51.Kh2 Qf4+  0-1

[Event "10th EICC"]
[Site "Budva MNE"]
[Date "2009.03.14"]
[Round "8"]
[White "Jankovic,A"]
[Black "Berbatov,K"]
[Result "1-0"]
[WhiteElo "2571"]
[BlackElo "2392"]

1.d4 Nf6 2.c4 g6 3.Nc3 Bg7 4.e4 d6 5.Nf3 O-O 6.Be2 e5 7.O-O Nc6 8.d5 Ne7
9.Ne1 Nd7 10.Nd3 f5 11.Bd2 Nf6 12.f3 f4 13.c5 g5 14.cxd6 cxd6 15.Nf2 Ng6
16.Qc2 Rf7 17.Rfc1 h5 18.h3 Bf8 19.Nb5 Ne8 20.a4 Rg7 21.Ra3 Bd7 22.Rc3 Kh8
23.Be1 a6 24.Na3 Qb8 25.a5 b5 26.axb6 Qxb6 27.Nc4 Qa7 28.Na5 Ne7 29.Kf1 Rb8
30.Ra1 Bb5 31.Bxb5 Rxb5 32.Nc6 Qb6 33.b4 Ng8 34.Nd3 Nc7 35.Rc1 Nxd5 36.exd5 Rxd5
37.Nf2 Nf6 38.Qf5 Nh7 39.Ne4 Qb7 40.Bf2 Rb5 41.Nd8 Qe7 42.Ne6 Rg8 43.Rc7  1-0

[Event "10th EICC"]
[Site "Budva MNE"]
[Date "2009.03.14"]
[Round "8"]
[White "Saric,A"]
[Black "Vedmediuc,S"]
[Result "0-1"]
[WhiteElo "2514"]
[BlackElo "2414"]

1.d4 Nf6 2.c4 g6 3.Nc3 Bg7 4.e4 d6 5.Be2 O-O 6.Nf3 e5 7.O-O Nc6 8.d5 Ne7
9.Ne1 Nd7 10.Nd3 f5 11.Bd2 Nf6 12.f3 f4 13.c5 g5 14.cxd6 cxd6 15.Nf2 Ng6
16.Qc2 Rf7 17.Rfc1 Ne8 18.a4 h5 19.a5 Bf8 20.Nb5 Rg7 21.Ra3 g4 22.fxg4 hxg4
23.Nxg4 Nh4 24.Qd1 a6 25.Nc3 Nxg2 26.Kxg2 Bxg4 27.Bxg4 Nf6 28.h3 Nxg4 29.hxg4 Qh4
30.Qf3 Rxg4+ 31.Kf1 Rg3 32.Qf2 Be7 33.Ne2 Qh3+ 34.Ke1 Rxa3 35.bxa3 Bh4  0-1

[Event "10th EICC w"]
[Site "St Petersburg RUS"]
[Date "2009.03.14"]
[Round "7"]
[White "Nebolsina,V"]
[Black "Motoc,A"]
[Result "1-0"]
[WhiteElo "2312"]
[BlackElo "2358"]

1.d4 Nf6 2.c4 g6 3.Nc3 Bg7 4.e4 d6 5.Be2 O-O 6.Nf3 e5 7.O-O Nc6 8.d5 Ne7
9.Ne1 Nd7 10.f3 f5 11.g4 Kh8 12.Nd3 Ng8 13.Kh1 Bh6 14.gxf5 gxf5 15.Rg1 Bxc1
16.Qxc1 f4 17.b4 Ndf6 18.c5 Nh5 19.Qe1 Rf6 20.Bf1 Rh6 21.Ne2 Bd7 22.a4 Qf6
23.b5 Rf8 24.Rc1 Ne7 25.Qf2 Ng6 26.Ne1 Nh4 27.Rc3 b6 28.cxd6 cxd6 29.Rc7 Qd8
30.Rxa7 Rg8 31.Rxg8+ Kxg8 32.Rb7 Bc8 33.Rb8 Qd7 34.Qxb6 Ng3+ 35.Nxg3 Nxf3
36.Nxf3 Qg4 37.Qd8+ Kf7 38.Ng5+ Kg7 39.Nf5+ Kg6 40.Qxd6+  1-0

[Event "FSIMA March"]
[Site "Budapest HUN"]
[Date "2009.03.16"]
[Round "10"]
[White "Bacso,G"]
[Black "Jones,Ri"]
[Result "0-1"]
[WhiteElo "2123"]
[BlackElo "2075"]

1.d4 Nf6 2.c4 g6 3.Nc3 Bg7 4.e4 d6 5.Nf3 O-O 6.Be2 e5 7.O-O Nc6 8.d5 Ne7
9.Ne1 Nd7 10.f3 f5 11.Nd3 f4 12.Bd2 g5 13.Rc1 Ng6 14.h3 Rf7 15.Be1 h5 16.b4 Bf8
17.Bf2 Nf6 18.c5 Rg7 19.cxd6 cxd6 20.a4 Bd7 21.Be1 Nh8 22.Nf2 Nf7 23.Nb5 Ne8
24.a5 Nh6 25.Qb3 Be7 26.Na3 Nf6 27.Nc4 Kh8 28.b5 g4 29.hxg4 hxg4 30.fxg4 Nhxg4
31.Nxg4 Nxg4 32.b6 a6 33.Rf3 Nf6 34.Qd3 Qg8 35.Bf1 Qh7 36.Nd2 Bg4 37.Kf2 Bxf3
38.Qxf3 Rg3  0-1

[Event "10th EICC"]
[Site "Budva MNE"]
[Date "2009.03.17"]
[Round "11"]
[White "Huzman,A"]
[Black "Jovanovic,Zo CRO"]
[Result "1/2-1/2"]
[WhiteElo "2602"]
[BlackElo "2558"]

1.Nf3 Nf6 2.c4 g6 3.Nc3 Bg7 4.e4 d6 5.d4 O-O 6.Be2 e5 7.O-O Nc6 8.d5 Ne7
9.b4 a5 10.bxa5 c5 11.a4 Rxa5 12.Ra3 Ne8 13.Bd2 Ra6 14.Qb1  1/2-1/2

[Event "10th EICC"]
[Site "Budva MNE"]
[Date "2009.03.17"]
[Round "11"]
[White "Schmidt,Rau"]
[Black "Kadric,D"]
[Result "1/2-1/2"]
[WhiteElo "2382"]
[BlackElo "1982"]

1.Nf3 Nf6 2.c4 g6 3.Nc3 Bg7 4.e4 d6 5.d4 O-O 6.Be2 e5 7.O-O Nc6 8.d5 Ne7
9.Ne1 Nd7 10.Be3 f5 11.f3 f4 12.Bf2 g5 13.Nd3 Rf6 14.c5 Rh6 15.cxd6 cxd6
16.Rc1 Qe8 17.Be1 Nc5 18.Nf2 a5 19.Nb5 b6 20.h3 Rb8 21.b3 Bd7 22.Na3 Rf6
23.Nc4 Nc8 24.Bc3 Rh6 25.Rb1 Na7 26.Na3 a4 27.bxa4 Nxa4 28.Bb4 Nc5 29.Qd2 Bf8
30.Bc3 Be7 31.Rfc1 Rg6 32.Nc4 Bd8 33.Nd3 Nxd3 34.Qxd3 h5 35.Bb4 Nc8 36.Qa3 Qe7
37.Nd2 Qg7 38.Rc2 g4 39.fxg4 hxg4 40.hxg4 b5 41.Rbc1 Bb6+ 42.Kf1 Qh7 43.Bf3 Qh4
44.Ke2 Qf2+ 45.Kd1 Qg1+  1/2-1/2

[Event "10th EICC"]
[Site "Budva MNE"]
[Date "2009.03.17"]
[Round "11"]
[White "Lekic,D"]
[Black "Can,E"]
[Result "1/2-1/2"]
[WhiteElo "2390"]
[BlackElo "2471"]

1.d4 Nf6 2.c4 g6 3.Nc3 Bg7 4.e4 d6 5.Nf3 O-O 6.Be2 e5 7.O-O Nc6 8.d5 Ne7
9.b4 Nh5 10.Re1 a5 11.bxa5 Rxa5 12.a4 c5 13.Ra3 Nf6 14.Bb2 Ra6 15.g3 Nd7
16.Nb5 h6 17.Nh4 g5 18.Nf5 Nxf5 19.exf5 Nf6 20.g4 e4 21.Qa1 Bd7 22.Bd1 Kh7
23.h3  1/2-1/2

[Event "SPICE Spring Inv"]
[Site "Lubbock USA"]
[Date "2009.03.17"]
[Round "2"]
[White "Kacheishvili,G"]
[Black "Sharavdorj,D"]
[Result "1-0"]
[WhiteElo "2590"]
[BlackElo "2428"]

1.d4 Nf6 2.c4 g6 3.Nc3 Bg7 4.e4 d6 5.Nf3 O-O 6.Be2 e5 7.O-O Nc6 8.d5 Ne7
9.Ne1 Nd7 10.Nd3 f5 11.Bd2 Nf6 12.f3 f4 13.c5 g5 14.Rc1 Ng6 15.cxd6 cxd6
16.Nb5 Rf7 17.Qc2 Ne8 18.a4 h5 19.Nf2 Bd7 20.Qb3 Bf8 21.Rc2 Qb8 22.Rfc1 a6
23.Na3 Be7 24.a5 Bd8 25.Nc4 Bb5 26.Bb4 b6 27.Nxb6 Bxb6 28.axb6 Bxe2 29.Rxe2 Qxb6
30.Rc6 Qb5 31.Qc4 Qxc4 32.Rxc4 Rb7 33.Rec2 Kf7 34.Kf1 Ke7 35.Ba3 Kd7 36.Nh3 g4
37.fxg4 hxg4 38.Nf2 g3 39.hxg3 fxg3 40.Nh1 Rb3 41.R2c3 Rxc3 42.Rxc3 Nf6 43.Nxg3 Rf8
44.Kg1 Ne7 45.Rf3 Ng6 46.Rc3 Ne7 47.Rb3 Ne8 48.Rb6 Rg8 49.Nf1 Nc8 50.Rb7+ Kd8
51.Bb4 Nf6 52.Ne3 Nxe4 53.Nf5 Ke8 54.Rc7 Nb6 55.Bxd6 Rg6 56.Re7+ Kd8 57.Bc7+ Kc8
58.Bxb6 Rxb6 59.Rxe5 Nf6 60.Ne3 Rxb2 61.Re6 Nh5 62.Rxa6 Kd7 63.Ra7+ Kd8 64.Nc4 Re2
65.Rf7 Re4 66.Na5 Ke8 67.Rf5 Re1+ 68.Kf2 Rf1+ 69.Kxf1 Ng3+ 70.Kf2 Nxf5 71.Kf3 Nd6
72.Kf4 Kf7 73.Ke5 Nb5 74.Nb3  1-0

[Event "Copa Ajedrez Plus"]
[Site "Ramos Mejia ARG"]
[Date "2009.03.17"]
[Round "5"]
[White "Shcherbine,A"]
[Black "Guerrero,Alv"]
[Result "1/2-1/2"]
[WhiteElo "2171"]
[BlackElo "2178"]

1.Nf3 Nf6 2.c4 g6 3.Nc3 Bg7 4.e4 d6 5.d4 O-O 6.Be2 e5 7.O-O Nc6 8.Be3 Ng4
9.Bg5 f6 10.Bc1 Nh6 11.dxe5 fxe5 12.Bg5 Qd7 13.Nd5 Kh8 14.Qd2 Ng8 15.Rac1 Nd8
16.Ne1 c6 17.Nc3 Ne6 18.Bg4 Qc7 19.Bxe6 Bxe6 20.b3 Rf7 21.Nd3 Re8 22.Kh1 Bc8
23.c5 dxc5 24.Nxc5 h6 25.Be3 b6 26.N5a4 Qe7 27.Rfd1 Qh4 28.Qd6 Nf6 29.f3 Bb7
30.Qd2 g5 31.g3 Qh3 32.Qg2 Qxg2+ 33.Kxg2 g4 34.fxg4 c5 35.Rf1 Ref8 36.g5 Ng4
37.Bg1 hxg5 38.Rxf7 Rxf7 39.Nd5 Nf6 40.Nxf6 Bxf6 41.Nc3 Rd7 42.Be3 Rd3 43.Kf2 g4
44.Rc2 Kg7 45.Ke2 Ba6 46.Kf2 Kg6 47.Nd5 Bb7 48.Rd2 Rxd2+ 49.Bxd2 Bxd5 50.exd5 Kf5
51.Ke2 Ke4 52.d6 Kd5 53.d7 Ke6 54.Kd3 Kxd7 55.Ke4 Ke6 56.a4 a6 57.Bc3 b5
58.axb5 axb5 59.Bb2 Bg5 60.Bxe5 Be3 61.Bb2 Bg1 62.Kf4 Bxh2 63.Kxg4 Kd5 64.Kf3 Bxg3
65.Kxg3 Ke4 66.Bf6 Kd3 67.Be7 Kc2 68.Bxc5  1/2-1/2

[Event "Copa Ajedrez Plus"]
[Site "Ramos Mejia ARG"]
[Date "2009.03.18"]
[Round "7"]
[White "Mayorga,N"]
[Black "Guerrero,Alv"]
[Result "0-1"]
[WhiteElo "2306"]
[BlackElo "2178"]

1.d4 Nf6 2.c4 g6 3.Nc3 Bg7 4.e4 d6 5.Nf3 O-O 6.Be2 e5 7.O-O Nc6 8.d5 Ne7
9.b4 Nh5 10.Re1 Kh8 11.c5 a5 12.cxd6 cxd6 13.Qb3 f5 14.Ng5 Nf4 15.Bxf4 exf4
16.Rac1 axb4 17.Nb5 f3 18.Nc7 fxe2 19.Nxa8 h6 20.Nh3 fxe4 21.Nc7 Bc3 22.Rxc3 bxc3
23.Qxc3+ Kh7 24.Rxe2 Bxh3 25.gxh3 Nxd5 26.Nxd5 Qg5+ 27.Kh1 Qxd5 28.Qe3 Re8
29.Rd2 Qb5 30.Kg2 Re5 31.h4 Qd7 32.h3 Qe7 33.Qb6 e3 34.fxe3 Rxe3 35.Qxd6 Re2+
36.Rxe2 Qxd6 37.Kf2  0-1

[Event "TCh-AUT 1st Bundesliga 2008-9"]
[Site "Ansfelden AUT"]
[Date "2009.03.19"]
[Round "8"]
[White "Neubauer,M"]
[Black "Shengelia,D"]
[Result "1/2-1/2"]
[WhiteElo "2417"]
[BlackElo "2547"]

1.d4 Nf6 2.c4 g6 3.Nc3 Bg7 4.e4 d6 5.Nf3 O-O 6.Be2 e5 7.O-O Nc6 8.d5 Ne7
9.b4 a5 10.Ba3 Nd7 11.bxa5 Rxa5 12.Bb4 Ra8 13.a4 Bh6 14.Nd2 f5 15.Bf3 b6
16.a5 Ba6 17.Nb5 bxa5 18.Rxa5 c6 19.dxc6 Nxc6 20.Rxa6 Rxa6 21.Bxd6 Rf6 22.Nb3 Nd4
23.Bc7 Nxf3+ 24.gxf3 Qe7 25.Qd5+ Qf7 26.Rd1 Qxd5 27.exd5 Bf8 28.d6 Ra4 29.c5 Rc4
30.Na7 Rc3 31.c6 Rf7 32.cxd7 Rxd7 33.Na5 Kf7 34.N5c6 Ke6 35.Nb8 Rcxc7 36.dxc7 Rxd1+
37.Kg2 Rc1 38.c8=Q+ Rxc8 39.Nxc8 Bc5 40.Kf1 g5 41.Nc6 Kd7 42.Nxe5+  1/2-1/2

[Event "Victor Ciocaltea Mem"]
[Site "Bucharest ROM"]
[Date "2009.03.25"]
[Round "3"]
[White "Jianu,V"]
[Black "Erdogdu,M"]
[Result "1-0"]
[WhiteElo "2544"]
[BlackElo "2460"]

1.d4 Nf6 2.c4 g6 3.Nc3 Bg7 4.e4 d6 5.Nf3 O-O 6.Be2 e5 7.O-O Nc6 8.d5 Ne7
9.Ne1 Nd7 10.Be3 f5 11.f3 f4 12.Bf2 g5 13.a4 a5 14.Nd3 b6 15.Be1 Kh8 16.Nb5 Nf6
17.Nf2 h5 18.h3 Rg8 19.b4 Ng6 20.bxa5 bxa5 21.c5 Bf8 22.c6 Bh6 23.Ra3 Rg7
24.Bd2 Nh4 25.Rb3 Qg8 26.Be1 Kh7 27.Na3 g4 28.fxg4 hxg4 29.hxg4 f3 30.gxf3 Nxf3+
31.Bxf3 Nxg4 32.Nxg4 Rxg4+ 33.Kf2 Rh4 34.Ke2 Bg4 35.Bxh4  1-0

[Event "ITT Proyeccion U20"]
[Site "Buenos Aires ARG"]
[Date "2009.03.26"]
[Round "2"]
[White "Mayorga,N"]
[Black "Guerrero,Alv"]
[Result "0-1"]
[WhiteElo "2306"]
[BlackElo "2178"]

1.d4 Nf6 2.c4 g6 3.Nc3 Bg7 4.e4 d6 5.Nf3 O-O 6.Be2 e5 7.O-O Nc6 8.d5 Ne7
9.b4 Nh5 10.Re1 c6 11.Be3 Nf4 12.Bf1 cxd5 13.Nxd5 Nfxd5 14.exd5 Bg4 15.h3 Bxf3
16.Qxf3 e4 17.Qxe4 Bxa1 18.Rxa1 Nf5 19.Bd2 Re8 20.Qf3 Qh4 21.Bc3 Qg5 22.Rd1 Rac8
23.Bb2 h5 24.Qc3 Kh7 25.Bd3 Re5 26.Bc1 Qh4 27.f4 Rxd5 28.Rf1 b5 29.Bb2 Rxd3
30.Qxd3 Rxc4 31.Qd5 Qe7 32.Qa8 f6 33.Kh2 Rc2 34.Ba1 Nh4 35.Rg1 Qe3 36.Kh1 Rc1
37.Rxc1 Qxc1+ 38.Kh2 Qxa1 39.Qxa7+ Kh6 40.Qe7 Nf5 41.Qf8+ Kh7 42.Qf7+ Ng7
43.Qd5 f5 44.Qxb5 Qxa2 45.Qc6 Qd2 46.b5 Qxf4+ 47.Kh1 h4 48.Qd7 Kh6 49.Qd8 Qf1+
50.Kh2 Qxb5 51.Qh8+ Kg5 52.Qd8+ Kf4 53.Qxd6+ Qe5 54.Qxg6 Ke3+ 55.Kg1 Qa1+
56.Kh2 Qd4 57.Qc6 Qf4+ 58.Kh1 Qg3 59.Qc3+ Ke4 60.Qc4+ Ke5 61.Qc5+ Kf6 62.Qd4+ Kg6
63.Qb6+ Kh7 64.Qd8 Qf2 65.Qe7 Qf1+ 66.Kh2 Qf4+ 67.Kh1 Kg6 68.Qf8 Qe5 69.Qh8 Qf6
70.Qg8 Kh6 71.Qh8+ Kg5 72.Qg8 Qd4 73.Kh2 Kf4 74.Qh8 Ke3 75.Qa8 Kf4 76.Qh8 Qf6
77.Qb8+ Qe5 78.Qh8 Kg5+ 79.Kh1 Qe1+ 80.Kh2 Kg6 81.Qd8 Qe4 82.Qg8 Qe8 83.Qc4 Qd8
84.Qc6+ Kg5 85.Qc3 Qd6+ 86.Kh1 Nh5 87.Qe3+ f4 88.Qe8 Ng3+ 89.Kh2 Nf5 90.Qg8+ Qg6
91.Qd8+ Kh5 92.Qh8+ Nh6 93.Qe5+ Qf5 94.Qe8+ Kg5 95.Qd8+ Qf6 96.Qd5+ Nf5 97.Qg8+ Qg7
98.Qd8+ Kh6 99.Qd5 Ne3 100.Qd6+ Kh5 101.Qc5+ Qg5 102.Qc6 Qg3+ 103.Kg1 Qe1+  0-1

[Event "Open B"]
[Site "Zagreb CRO"]
[Date "2009.03.27"]
[Round "7"]
[White "Gujic,V"]
[Black "Petrovic,Zv"]
[Result "0-1"]
[WhiteElo "2051"]
[BlackElo "2256"]

1.d4 Nf6 2.c4 g6 3.Nc3 Bg7 4.e4 d6 5.Nf3 O-O 6.Be2 e5 7.O-O Nc6 8.d5 Ne7
9.b4 Nd7 10.Nd2 f5 11.f3 f4 12.Ba3 Nf6 13.c5 g5 14.Nc4 h5 15.h3 Ng6 16.b5 Ne8
17.b6 axb6 18.cxb6 Rf6 19.bxc7 Qxc7 20.Qb3 g4 21.fxg4 hxg4 22.hxg4 Bh6 23.Nb5 Qd8
24.Rad1 Bf8 25.Rd3 Nh4 26.Rh3 Rg6 27.Qd1 Bd7 28.Rb3 Nf6 29.Nbxd6 Nxg4 30.Nf5 Bxa3
31.Nxa3 Bxf5 32.exf5 Ne3 33.fxg6 Nxd1 34.Rxd1 Qg5 35.g4 f3 36.Bxf3 Nxf3+
37.Rxf3 Qxg4+ 38.Kf2 e4  0-1

[Event "TCh-NED 2008-9"]
[Site "Netherlands NED"]
[Date "2009.03.28"]
[Round "7"]
[White "Van der Stricht,G"]
[Black "Van Wely,L"]
[Result "0-1"]
[WhiteElo "2426"]
[BlackElo "2644"]

1.d4 Nf6 2.c4 g6 3.Nc3 Bg7 4.e4 d6 5.Be2 O-O 6.Nf3 e5 7.O-O Nc6 8.d5 Ne7
9.b4 a5 10.Ba3 axb4 11.Bxb4 Nd7 12.a4 Bh6 13.a5 f5 14.Bd3 Nf6 15.c5 Nxe4
16.Nxe4 fxe4 17.Bxe4 Bf5 18.Re1 Qd7 19.Qd3 Kh8 20.Rab1 Ng8 21.Bc3 Nf6 22.Bxf5 Qxf5
23.Qc4 Ra7 24.c6 bxc6 25.dxc6 Qc8 26.Rb5 Qa6 27.Reb1 Raa8 28.Be1 Ng8 29.h3 Bf4
30.g3 Bh6 31.Qe4 Nf6 32.Qc2 Nh5 33.Qe4 Ng7 34.Rb7 Ne6 35.Nxe5 dxe5 36.Qxe5+ Ng7
37.Rxc7 Rae8 38.Qd4 Qe2 39.Rd7 Re3 40.Qd6 Nf5 41.Qd1 Rxg3+ 42.Kh2 Rxh3+ 43.Kg2  0-1

[Event "Open B"]
[Site "Zagreb CRO"]
[Date "2009.03.28"]
[Round "8"]
[White "Jakupec,D"]
[Black "Orincic,D"]
[Result "1/2-1/2"]
[WhiteElo "2188"]
[BlackElo "2021"]

1.d4 Nf6 2.Nf3 g6 3.c4 Bg7 4.Nc3 O-O 5.e4 d6 6.Be2 e5 7.O-O Nc6 8.d5 Ne7
9.Ne1 Nd7 10.Nd3 f5 11.Bd2 Nf6 12.f3 f4 13.c5  1/2-1/2

[Event "ITT Proyeccion U20"]
[Site "Buenos Aires ARG"]
[Date "2009.03.31"]
[Round "9"]
[White "Goldwaser,C"]
[Black "Guerrero,Alv"]
[Result "1-0"]
[WhiteElo "2356"]
[BlackElo "2178"]

1.c4 g6 2.Nc3 Bg7 3.d4 d6 4.e4 Nf6 5.Nf3 O-O 6.Be2 e5 7.O-O Nc6 8.d5 Ne7
9.Ne1 Ne8 10.Nd3 f5 11.Bd2 Kh8 12.f4 c6 13.fxe5 dxe5 14.Bg5 h6 15.Bh4 cxd5
16.Nxd5 g5 17.Be1 Nxd5 18.cxd5 Nd6 19.exf5 Bxf5 20.Bc3 Qb6+ 21.Kh1 Rae8 22.Bh5 Re7
23.Bg4 e4 24.Qe1 Bxc3 25.Qxc3+ Kh7 26.Nc5 Ref7 27.Bh5 Bg6 28.Bxg6+ Kxg6 29.Rxf7 Rxf7
30.Rc1 Qb5 31.Kg1 Qe2 32.Qd4 e3 33.Nd3 Re7 34.Rf1 Nf5 35.Ne5+ Rxe5 36.Qxe5 Qd3
37.Qe6+ Kh5 38.Qxf5 Qd4 39.Qf3+ g4 40.Qf5+  1-0

[Event "Congress Premier"]
[Site "Edinburgh SCO"]
[Date "2009.04.05"]
[Round "4"]
[White "Lock,G"]
[Black "Arakhamia,K"]
[Result "0-1"]
[WhiteElo "2227"]
[BlackElo "2492"]

1.d4 Nf6 2.Nf3 g6 3.c4 Bg7 4.Nc3 O-O 5.e4 d6 6.Be2 e5 7.O-O Nc6 8.d5 Ne7
9.Nd2 a5 10.Rb1 Nd7 11.a3 f5 12.b4 Kh8 13.Qc2 Ng8 14.Bd3 f4 15.f3 Rf7 16.Na4 Bf8
17.c5 axb4 18.axb4 g5 19.Kh1 Rg7 20.Bb2 Nh6 21.Nc4 g4 22.Rfc1 Qg5 23.Ra1 Qh5
24.Qd1 Nf6 25.cxd6 gxf3 26.Bxe5 fxg2+ 27.Kg1 f3 28.Rc2 Rxa4 29.Bxf6 Ng4 30.h4 Nxf6
31.Rf2 Rxa1 32.Qxa1 Qxh4  0-1

[Event "16th TCh-RUS Premier"]
[Site "Dagomys RUS"]
[Date "2009.04.09"]
[Round "6"]
[White "Sakaev,K"]
[Black "Amonatov,F"]
[Result "1/2-1/2"]
[WhiteElo "2627"]
[BlackElo "2648"]

1.d4 Nf6 2.c4 g6 3.Nc3 Bg7 4.e4 d6 5.Nf3 O-O 6.Be2 e5 7.O-O Nc6 8.d5 Ne7
9.Nd2 a5 10.a3 Bd7 11.b3 c6 12.Bb2 Bh6 13.Kh1 c5 14.Qc2 Ne8 15.Nb5 f5 16.Bd3 fxe4  1/2-1/2

[Event "47th Doeberl Cup Premier"]
[Site "Canberra AUS"]
[Date "2009.04.10"]
[Round "4"]
[White "Wright,N"]
[Black "Yuan,Y2"]
[Result "1-0"]
[WhiteElo "2208"]
[BlackElo "2010"]

1.Nf3 Nf6 2.c4 d6 3.d4 g6 4.Nc3 Bg7 5.e4 O-O 6.Be2 e5 7.O-O Nc6 8.d5 Ne7
9.b4 a5 10.Ba3 Nh5 11.Re1 f5 12.c5 Nf6 13.cxd6 cxd6 14.Ng5 Nxe4 15.Ncxe4 fxe4
16.b5 Bh6 17.Nxe4 Nf5 18.Bg4 Qh4 19.g3 Qd8 20.Bxf5 Bxf5 21.Bxd6 Bxe4 22.Bxf8 Bxf8
23.Rxe4 Qf6 24.Rc1 Rd8 25.Rec4 Qf5 26.b6 Bh6 27.R1c3 Rf8 28.Rc2 e4 29.Qe2 e3
30.f4 Re8 31.d6 Qe6 32.Rd4 Bg7 33.d7 Bxd4 34.dxe8=Q+ Qxe8 35.Qc4+ Kf8 36.Qxd4 e2
37.Qh8+  1-0